Name all the Fairy Type Pokemon - Statistics

General Stats
  • This quiz has been taken 55 times
  • The average score is 37 of 47
Answer Stats
Type Answer % Correct
Fairy Clefable
95%
Fairy Clefairy
95%
Normal/Fairy Jigglypuff
93%
Psychic/Fairy Mr.Mime
91%
Normal/Fairy Wigglytuff
91%
Psychic/Fairy Gardevoir
89%
Fairy Sylveon
89%
Water/Fairy Azumarill
86%
Psychic/Fairy Kirlia
86%
Water/Fairy Marill
86%
Psychic/Fairy Ralts
86%
Fairy/Flying Togekiss
86%
Fairy/Flying Togetic
86%
Normal/Fairy Azurill
84%
Fairy Cleffa
84%
Fairy Togepi
84%
Rock/Fairy Carbink
82%
Normal/Fairy Igglybuff
82%
Steel/Fairy Klefki
82%
Fairy Aromatisse
80%
Steel/Fairy Mawile
80%
Fairy Slurpuff
80%
Rock/Fairy Diancie
77%
Fairy Granbull
77%
Psychic/Fairy Mime Jr.
77%
Ghost/Fairy Mimikyu
77%
Bug/Fairy Ribombee
77%
Fairy Spritzee
77%
Fairy Swirlix
77%
Bug/Fairy Cutiefly
75%
Fairy Snubbull
75%
Grass/Fairy Cottonee
73%
Grass/Fairy Whimsicott
73%
Fairy Flabebe
70%
Fairy Florges
70%
Water/Fairy Tapu Fini
70%
Electric/Fairy Tapu Koko
70%
Psychic/Fairy Tapu Lele
70%
Fairy Xerneas
70%
Electric/Fairy Dedenne
68%
Fairy Floette
68%
Steel/Fairy Magearna
68%
Grass/Fairy Tapu Bulu
68%
Water/Fairy Primarina
66%
Grass/Fairy Morelull
59%
Grass/Fairy Shiinotic
57%
Fairy Comfey
55%
No matching quizzes found
Score Distribution
Percent of People with Each Score
Percentile by Number Answered
Your Score History
You have not taken this quiz